[Event "SVK-chT3B2 2324"]
[Site "Slovakia"]
[Date "2024.02.04"]
[Round "7.1"]
[White "Kaniansky, Miroslav"]
[Black "Reisel, Frantisek"]
[Result "1-0"]
[WhiteElo "2019"]
[BlackElo "1898"]
[PlyCount "64"]
[EventDate "2023.10.15"]
[EventType "team-tourn"]
[EventRounds "11"]
[EventCountry "SVK"]
[SourceTitle "EXT 2025"]
[Source "ChessBase"]
[SourceDate "2024.10.14"]
[SourceVersion "1"]
[SourceVersionDate "2024.10.14"]
[SourceQuality "1"]
[WhiteTeam "Handlova"]
[BlackTeam "Lehota pod Vtacnikom"]
[WhiteTeamCountry "SVK"]
[BlackTeamCountry "SVK"]

1. d4 Nf6 2. Nf3 g6 3. c4 Bg7 4. Nc3 d6 5. e4 0-0 6. Be2 Nbd7 7. 0-0 e5 8. Re1 c6 9. Bf1 Re8 10. Rb1 a5 11. b3 Qc7 12. a3 Nf8 13. d5 cxd5 14. Nxd5 Nxd5 15. cxd5 f5 16. Bd3 fxe4 17. Bxe4 Nd7 18. Be3 Nf6 19. Rc1 Qf7 20. Ng5 Qe7 21. Bd3 Bf5 22. Bb5 Rec8 23. Qd2 Kh8 24. Rxc8+ Rxc8 25. Bc4 h6 26. Nf3 Ng4 27. Qxa5 Nxe3 28. Rxe3 Qf6 29. Nd2 e4 30. Nxe4 Qb2 31. Re2 Rxc4 32. bxc4 Qd4 1-0

[Event "SVK-chT3B2 2324"]
[Site "Slovakia"]
[Date "2024.01.21"]
[Round "6.1"]
[White "Reisel, Frantisek"]
[Black "Kutny, Marian1"]
[Result "0-1"]
[WhiteElo "1898"]
[BlackElo "1927"]
[PlyCount "104"]
[EventDate "2023.10.15"]
[EventType "team-tourn"]
[EventRounds "11"]
[EventCountry "SVK"]
[SourceTitle "EXT 2025"]
[Source "ChessBase"]
[SourceDate "2024.10.14"]
[SourceVersion "1"]
[SourceVersionDate "2024.10.14"]
[SourceQuality "1"]
[WhiteTeam "Lehota pod Vtacnikom"]
[BlackTeam "Belusa"]
[WhiteTeamCountry "SVK"]
[BlackTeamCountry "SVK"]

1. c4 e6 2. d4 d5 3. Nc3 Nf6 4. Bg5 Be7 5. e3 h6 6. Bh4 0-0 7. Rc1 b6 8. cxd5 Nxd5 9. Nxd5 exd5 10. Bxe7 Qxe7 11. Nf3 Be6 12. Bd3 c5 13. 0-0 Nd7 14. Bb1 Rac8 15. Qd3 Nf6 16. Qa3 Rc7 17. h3 Rfc8 18. Rfd1 Ne4 19. Bd3 Qf6 20. Bxe4 dxe4 21. Nd2 Qg6 22. Kh2 cxd4 23. Rxc7 Rxc7 24. exd4 Qh5 25. f3 exf3 26. Qxf3 Qxf3 27. Nxf3 Bd5 28. Rd2 Bxf3 29. gxf3 Kf8 30. Kg3 Ke7 31. Kf4 Kd6 32. Rg2 g6 33. Ke4 Rc1 34. f4 Rh1 35. f5 g5 36. Rg3 Re1+ 37. Kd3 Rf1 38. h4 Rxf5 39. hxg5 hxg5 40. Rh3 Kd5 41. Rh8 Rf3+ 42. Ke2 g4 43. Rd8+ Kc6 44. Rg8 f5 45. Rg7 a5 46. Rg6+ Kd5 47. Rxb6 Kxd4 48. Rb5 Re3+ 49. Kf2 g3+ 50. Kg2 f4 51. Rxa5 Re2+ 52. Kh3 Rh2+ 0-1

[Event "SVK-chT3B2 2223"]
[Site "Slovakia"]
[Date "2022.12.04"]
[Round "3.1"]
[White "Orgon, Patrik"]
[Black "Reisel, Frantisek"]
[Result "1/2-1/2"]
[WhiteElo "1766"]
[BlackElo "1919"]
[PlyCount "59"]
[EventDate "2022.10.23"]
[EventType "team-tourn"]
[EventRounds "11"]
[EventCountry "SVK"]
[SourceTitle "EXT 2024"]
[Source "ChessBase"]
[SourceDate "2023.10.10"]
[SourceVersion "1"]
[SourceVersionDate "2023.10.10"]
[SourceQuality "1"]
[WhiteTeam "Dubnica nad Vahom V"]
[BlackTeam "Lehota pod Vtacnikom"]
[WhiteTeamCountry "SVK"]
[BlackTeamCountry "SVK"]

1. d4 Nf6 2. Nf3 d5 3. e3 Bg4 4. Be2 e6 5. 0-0 Nbd7 6. b3 Be7 7. Bb2 0-0 8. Nbd2 Rc8 9. c4 c6 10. c5 Qc7 11. b4 a6 12. a4 Ne4 13. Nxe4 dxe4 14. Nd2 Bxe2 15. Qxe2 f5 16. f4 Nf6 17. b5 axb5 18. axb5 cxb5 19. Qxb5 Nd5 20. Nc4 b6 21. Nxb6 Nxb6 22. cxb6 Qc6 23. Qb3 Rb8 24. Ra6 Rb7 25. Rc1 Qd7 26. Qc4 Rfb8 27. Qc6 Qd5 28. Qxd5 exd5 29. Ra7 Bf8 30. Rxb7 1/2-1/2

[Event "SVK-chT3B2 1920"]
[Site "Slovakia"]
[Date "2020.02.02"]
[Round "7.1"]
[White "Reisel, Frantisek"]
[Black "Lasch, Miroslav"]
[Result "1/2-1/2"]
[WhiteElo "1942"]
[BlackElo "2102"]
[PlyCount "31"]
[EventDate "2019.10.06"]
[EventType "team-tourn"]
[EventRounds "11"]
[EventCountry "SVK"]
[SourceTitle "CBM 195 Extra"]
[Source "ChessBase"]
[SourceDate "2020.05.31"]
[SourceVersion "1"]
[SourceVersionDate "2020.05.31"]
[SourceQuality "1"]
[WhiteTeam "Lehota pod Vtacnikom"]
[BlackTeam "Dubnica nad Vahom IV"]
[WhiteTeamCountry "SVK"]
[BlackTeamCountry "SVK"]

1. d4 Nf6 2. Nf3 g6 3. c4 Bg7 4. Nc3 d5 5. e3 0-0 6. Qc2 c5 7. cxd5 cxd4 8. exd4 Nxd5 9. Nxd5 Qxd5 10. Bc4 Qd6 11. Be3 Nc6 12. 0-0 Bf5 13. Qd2 Rac8 14. Rac1 a6 15. Rfd1 b5 16. Be2 1/2-1/2

[Event "SVK-chT2B 1819"]
[Site "Slovakia"]
[Date "2019.04.07"]
[Round "11.6"]
[White "Reisel, Frantisek"]
[Black "Bielik, Peter"]
[Result "1-0"]
[WhiteElo "1968"]
[BlackElo "1833"]
[PlyCount "125"]
[EventDate "2018.10.13"]
[EventType "team-tourn"]
[EventRounds "11"]
[EventCountry "SVK"]
[SourceTitle "EXT 2020"]
[Source "ChessBase"]
[SourceDate "2019.10.17"]
[SourceVersion "1"]
[SourceVersionDate "2019.10.17"]
[SourceQuality "1"]
[WhiteTeam "Prievidza"]
[BlackTeam "Povazske Podhradie"]
[WhiteTeamCountry "SVK"]
[BlackTeamCountry "SVK"]

1. d4 d5 2. Bf4 e6 3. Nf3 Nf6 4. e3 Be7 5. h3 0-0 6. Nbd2 c5 7. dxc5 Bxc5 8. Bd3 Nc6 9. c3 Re8 10. Ne5 Nxe5 11. Bxe5 Bd6 12. Bxd6 Qxd6 13. 0-0 e5 14. e4 Be6 15. Qc2 Rad8 16. Rad1 h6 17. Rfe1 Rc8 18. exd5 Bxd5 19. Nf1 Qb6 20. Qb1 e4 21. Be2 Qa5 22. Qc2 Bc6 23. c4 Qg5 24. Ne3 Bd7 25. Kh2 Be6 26. Qd2 Qf4+ 27. Kg1 Qh4 28. Qd6 Qg5 29. Kh2 Qa5 30. Qd2 Qe5+ 31. Kg1 Qc7 32. b3 Rcd8 33. Qc2 Qf4 34. Rxd8 Rxd8 35. Rd1 Rxd1+ 36. Qxd1 Qc7 37. Qd4 b6 38. Nd1 Qf4 39. Qe3 Qd6 40. Nc3 Qb4 41. g4 Qa3 42. Kg2 Bd7 43. Kg3 Bc6 44. Bf1 Qe7 45. Ne2 Qd6+ 46. Kg2 Qd3 47. Nd4 Qxe3 48. fxe3 Bb7 49. Kg3 Nd7 50. Nb5 a6 51. Nd6 Bc6 52. b4 Ne5 53. Nc8 Kf8 54. Nxb6 Nd3 55. a3 Ke7 56. Nd5+ Kd6 57. Nc3 g5 58. Ne2 Nb2 59. Nd4 Bd7 60. c5+ Kd5 61. Bxa6 Nd1 62. Bb7+ Ke5 63. c6 1-0

[Event "SVK-chT2B 1819"]
[Site "Slovakia"]
[Date "2019.02.03"]
[Round "7.5"]
[White "Krupa, Miroslav"]
[Black "Reisel, Frantisek"]
[Result "0-1"]
[WhiteElo "1975"]
[BlackElo "1918"]
[PlyCount "58"]
[EventDate "2018.10.13"]
[EventType "team-tourn"]
[EventRounds "11"]
[EventCountry "SVK"]
[SourceTitle "CBM 189 Extra"]
[Source "ChessBase"]
[SourceDate "2019.05.31"]
[SourceVersion "1"]
[SourceVersionDate "2019.05.31"]
[SourceQuality "1"]
[WhiteTeam "Tlmace"]
[BlackTeam "Prievidza"]
[WhiteTeamCountry "SVK"]
[BlackTeamCountry "SVK"]

1. e4 c5 2. Nf3 Nc6 3. d4 cxd4 4. Nxd4 Nf6 5. Nc3 Qc7 6. Be3 a6 7. Qd2 e6 8. f3 Be7 9. 0-0-0 0-0 10. g4 b5 11. Nb3 Rd8 12. h4 d5 13. exd5 Nxd5 14. Nxd5 Rxd5 15. Qe2 Rxd1+ 16. Qxd1 Bb7 17. Qe2 Nb4 18. Kb1 Bf6 19. Bg2 Qe5 20. Nd4 Nd5 21. Bf2 Nf4 22. Qxe5 Bxe5 23. Rg1 Bxd4 24. Bxd4 Ne2 25. Rd1 Rd8 26. c3 e5 27. Rd2 Nf4 28. Be3 Rxd2 29. Bxd2 Nxg2 0-1